Journal of prenatal diagnosis and therapy

Detalles Bibliográficos
Autor Corporativo: Indian Society for Prenatal Diagnosis and Therapy
Formato: Electrónico Revista
Lenguaje:inglés
Publicado: Mumbai, India : Medknow Publications and Media Pvt. Ltd.
Materias:
Acceso en línea:Full text available from Research Library: 01/01/2010 to 01/31/2010

MARC

LEADER 00000nas a2200000 a 4500
001 ssj0000394050
003 WaSeSS
005 20200512172242.0
006 m d
007 cr n
008 100722c20109999ii || p|s||||||||||0eng|d
022 |a 0976-4054 
035 |a (WaSeSS)ssj0000394050 
040 |a WaSeSS  |c WaSeSS  |d WaSeSS 
050 4 |a RG628 
245 0 0 |a Journal of prenatal diagnosis and therapy  |h [electronic resource]. 
246 1 |a Journal of prenatal diagnosis & therapy 
260 |a Mumbai, India :  |b Medknow Publications and Media Pvt. Ltd. 
362 1 |a Began with Vol. 1, issue 1 (Jan./June 2010). 
506 |a License restrictions may limit access. 
588 |a Description based on: Vol. 1, issue 1 (Jan./June 2010); title from about journal page (publisher's website, viewed July 22, 2010). 
588 |a Latest issue consulted: Vol. 1, issue 1 (Jan./June 2010) (viewed July 22, 2010). 
650 0 |a Prenatal diagnosis  |v Periodicals. 
650 0 |a Respiratory therapy  |v Periodicals. 
655 0 |a Electronic journals. 
710 2 |a Indian Society for Prenatal Diagnosis and Therapy. 
776 0 8 |i Also issued in print:  |t Journal of prenatal diagnosis and therapy  |x 0976-1756 
856 4 0 |z Full text available from Research Library: 01/01/2010 to 01/31/2010  |u https://search.proquest.com/publication/226471